000 00556nam a2200205 a 4500
005 20210219153118.0
008 991125n 000 0 spa u
035 _aUPN01000078785
100 1 _aCifuentes Sánchez, Francisco
222 0 _aEDUCACION Y CULTURA
245 0 0 _aExperiencias educativas con desmovilizados en Colombia
300 _a32-34
362 0 _a1992 No. 28, nov.
653 0 _aCOLOMBIA
653 0 _aGRUPOS EXPERIMENTALES
653 0 _aINTEGRACION SOCIAL
653 0 _aREADAPTACION
904 _aAC
_b016596
905 _aArticulo
999 _c68754
_d68754